| 000 | 01083nam a22002177a 4500 | ||
|---|---|---|---|
| 001 | 10064 | ||
| 003 | FISKH | ||
| 005 | 20260402162339.0 | ||
| 008 | 260402b cb ||||| |||| 00| 0 eng d | ||
| 020 | _a9780008160043 | ||
| 040 |
_aFISKH _beng _cFISKH _dFISKH |
||
| 082 | _a510.76 | ||
| 100 | _aClarke, Peter | ||
| 245 | _aCollins international primary maths workbook 6 / | ||
| 260 |
_aLondon : _bHarpercollins, _c2016. |
||
| 300 |
_a123 pages : _bcolor illustrations ; _c27 cm |
||
| 520 | _aCollins International Primary Maths supports best practice in primary maths teaching, whilst encouraging teacher professionalism and autonomy. A wealth of supporting digital assets are provided for every lesson, including slideshows, animations, tools and games to ensure they are rich, lively and engaging. Each Workbook page has three levels of challenge which allow learners to practise and consolidate their newly acquired knowledge, skills and understanding of the mathematics they are learning. | ||
| 650 |
_aMathematic Book _vSecondary |
||
| 942 |
_2ddc _cBK _n0 |
||
| 999 |
_c10064 _d10064 |
||